<?xml version="1.0" encoding="UTF-8"?>
<record
    xmlns:xsi="http://www.w3.org/2001/XMLSchema-instance"
    xsi:schemaLocation="http://www.loc.gov/MARC21/slim http://www.loc.gov/standards/marcxml/schema/MARC21slim.xsd"
    xmlns="http://www.loc.gov/MARC21/slim">

  <leader>02433nam a22004217a 4500</leader>
  <controlfield tag="003">BO-EaUP</controlfield>
  <controlfield tag="005">20260504170128.0</controlfield>
  <controlfield tag="008">260504b2022    ck ad|||ri||| 00| 0 spa d</controlfield>
  <datafield tag="020" ind1=" " ind2=" ">
    <subfield code="a">978-958-503-237-8</subfield>
  </datafield>
  <datafield tag="040" ind1=" " ind2=" ">
    <subfield code="a">BO-EaUP</subfield>
    <subfield code="c">Biblioadmiempresas</subfield>
    <subfield code="e">RDA</subfield>
    <subfield code="b">spa</subfield>
  </datafield>
  <datafield tag="041" ind1=" " ind2=" ">
    <subfield code="a">spa</subfield>
    <subfield code="h">spa</subfield>
  </datafield>
  <datafield tag="043" ind1=" " ind2=" ">
    <subfield code="a">s-ck</subfield>
  </datafield>
  <datafield tag="082" ind1=" " ind2=" ">
    <subfield code="2">21</subfield>
    <subfield code="a">658.788</subfield>
  </datafield>
  <datafield tag="092" ind1=" " ind2=" ">
    <subfield code="a">658.788</subfield>
    <subfield code="S">S5874l</subfield>
  </datafield>
  <datafield tag="100" ind1=" " ind2=" ">
    <subfield code="a">Silvera Escudero, Rodolfo Enrique</subfield>
    <subfield code="e">Autor</subfield>
    <subfield code="9">55</subfield>
  </datafield>
  <datafield tag="245" ind1="1" ind2="0">
    <subfield code="a">Log&#xED;stica estad&#xED;stica : gesti&#xF3;n e indicadores en la cadena de suministro /</subfield>
    <subfield code="c">Rodolfo Silvera E.</subfield>
  </datafield>
  <datafield tag="250" ind1=" " ind2=" ">
    <subfield code="a">Primera edici&#xF3;n</subfield>
  </datafield>
  <datafield tag="260" ind1=" " ind2=" ">
    <subfield code="a">Bogot&#xE1; :</subfield>
    <subfield code="b">Ecoe Ediciones, </subfield>
    <subfield code="c">2022</subfield>
  </datafield>
  <datafield tag="300" ind1=" " ind2=" ">
    <subfield code="a">xx, 162 p&#xE1;ginas ;</subfield>
    <subfield code="b">Ilustraciones, cuadros, tablas.-- (Ciencias empresariales. Log&#xED;stica) ;</subfield>
    <subfield code="c">17 x 24 cent&#xED;metros ;</subfield>
    <subfield code="f">R&#xFA;stico</subfield>
  </datafield>
  <datafield tag="336" ind1=" " ind2=" ">
    <subfield code="2">rdacontenido</subfield>
    <subfield code="a">texto</subfield>
    <subfield code="b">txt</subfield>
  </datafield>
  <datafield tag="337" ind1=" " ind2=" ">
    <subfield code="2">rdamedia</subfield>
    <subfield code="a">no mediado</subfield>
    <subfield code="b">n</subfield>
  </datafield>
  <datafield tag="338" ind1=" " ind2=" ">
    <subfield code="a">volumen</subfield>
    <subfield code="b">nc</subfield>
    <subfield code="2">rdacarrier</subfield>
  </datafield>
  <datafield tag="505" ind1="2" ind2=" ">
    <subfield code="a">Cap&#xED;tulo 1. Informes log&#xED;sticos con aplicaci&#xF3;n de cuadros y gr&#xE1;ficas estad&#xED;sticas</subfield>
  </datafield>
  <datafield tag="505" ind1="2" ind2=" ">
    <subfield code="a">Cap&#xED;tulo 2. Medidas de tendencia central aplicadas al aprovisionamiento de las mercanc&#xED;as</subfield>
  </datafield>
  <datafield tag="505" ind1="2" ind2=" ">
    <subfield code="a">Cap&#xED;tulo 3. Medidas de dispersi&#xF3;n aplicadas al inventario y al almacenamiento de las mercanc&#xED;as.-</subfield>
  </datafield>
  <datafield tag="505" ind1="2" ind2=" ">
    <subfield code="a">Cap&#xED;tulo 4. Indicadores log&#xED;sticos estad&#xED;sticos aplicados al transporte y distribuci&#xF3;n de las cargas.-</subfield>
  </datafield>
  <datafield tag="505" ind1="2" ind2=" ">
    <subfield code="a">Cap&#xED;tulo 5. Operaciones log&#xED;sticas en los centros de distribuci&#xF3;n con herramientas estad&#xED;sticas.-</subfield>
  </datafield>
  <datafield tag="505" ind1="2" ind2=" ">
    <subfield code="a">Cap&#xED;tulo 6. Almacenamiento y distribuci&#xF3;n de las cargas de los operadores log&#xED;sticos con utilizaci&#xF3;n estad&#xED;stica.-</subfield>
  </datafield>
  <datafield tag="505" ind1="2" ind2=" ">
    <subfield code="a">Cap&#xED;tulo 7. Ejercicios generales propuestos del libro.--</subfield>
  </datafield>
  <datafield tag="520" ind1=" " ind2=" ">
    <subfield code="a">Este libro se caracteriza por el manejo de ejercicios pr&#xE1;cticos aplicados a los procesos log&#xED;sticos de las empresas en general. </subfield>
  </datafield>
  <datafield tag="521" ind1=" " ind2=" ">
    <subfield code="a">Esta obra va dirigida a estudiantes t&#xE9;cnicos y tecn&#xF3;logos en gesti&#xF3;n log&#xED;stica, coordinadores de procesos log&#xED;sticos, en desarrollo de operaciones log&#xED;stica y en integraci&#xF3;n de procesos log&#xED;sticos, as&#xED; como a estudiantes de pregrado y profesionales en Administraci&#xF3;n de Empresas, Econom&#xED;a, Ingenier&#xED;a Industrial y Administraci&#xF3;n Log&#xED;stica.</subfield>
  </datafield>
  <datafield tag="650" ind1=" " ind2=" ">
    <subfield code="a">LOG&#xCD;STICA EMPRESARIAL</subfield>
    <subfield code="9">1651</subfield>
  </datafield>
  <datafield tag="650" ind1=" " ind2=" ">
    <subfield code="a">OPERACIONES Y PROYECTOS</subfield>
    <subfield code="9">5926</subfield>
  </datafield>
  <datafield tag="653" ind1=" " ind2=" ">
    <subfield code="a">ADMINISTRACI&#xD3;N DE MATERIALES</subfield>
  </datafield>
  <datafield tag="653" ind1=" " ind2=" ">
    <subfield code="a">CADENA DE ABASTECIMIENTOS</subfield>
  </datafield>
  <datafield tag="653" ind1=" " ind2=" ">
    <subfield code="a">DISTRIBUCI&#xD3;N FISICA DE MERCANC&#xCD;AS</subfield>
  </datafield>
  <datafield tag="942" ind1=" " ind2=" ">
    <subfield code="2">ddc</subfield>
    <subfield code="c">BK</subfield>
    <subfield code="n">0</subfield>
    <subfield code="e">21</subfield>
  </datafield>
  <datafield tag="999" ind1=" " ind2=" ">
    <subfield code="c">5511</subfield>
    <subfield code="d">5511</subfield>
  </datafield>
  <datafield tag="952" ind1=" " ind2=" ">
    <subfield code="0">0</subfield>
    <subfield code="1">0</subfield>
    <subfield code="2">ddc</subfield>
    <subfield code="4">0</subfield>
    <subfield code="7">0</subfield>
    <subfield code="8">LOE</subfield>
    <subfield code="a">BEAE</subfield>
    <subfield code="b">BEAE</subfield>
    <subfield code="c">AF</subfield>
    <subfield code="d">2026-05-04</subfield>
    <subfield code="e">Compra</subfield>
    <subfield code="i">HBAEOA06-0589</subfield>
    <subfield code="l">0</subfield>
    <subfield code="o">658.788/S5874l</subfield>
    <subfield code="p">658.788/S5874l</subfield>
    <subfield code="r">2026-05-04 16:27:49</subfield>
    <subfield code="t">1</subfield>
    <subfield code="w">2026-05-04</subfield>
    <subfield code="y">BK</subfield>
  </datafield>
</record>
